Представление документа в формате RUSMARC

ПолеНазваниеЗначение
  Тип записи a
  Библиографический уровень m
001 Контрольный номер 01b4dc2177d2441d8ca47786b3436f1f
005 Дата корректировки 20150206102121.2
010 Индекс ISBN __
a ISBN 978-5-7685-9281-2
101 Язык документа 0_
a Язык текста rus
102 Страна публикации __
a Страна публикации RU
200 Заглавие и сведения об ответственности 1_
a Заглавие Представление знаний в информационных системах
b Общее обозначение материала Текст
e Сведения, относящиеся к заглавию учебник
f Первые сведения об ответственности Б.Я. Советов, В.В. Цехановский, В.Д. Чертовской
205 Сведения об издании __
a Основные сведения об издании 2-е изд., стер.
210 Выходные данные 1_
a Место издания Москва
c Издательство Академия
d Дата издания 2012
215 Физическое описание __
a Объем 141, [2] с.
225 Серия 2_
a Серия Высшее профессиональное образование. Бакалавриат
610 Ключевые слова 0_
a Ключевые слова информационные системы
610 Ключевые слова 0_
a Ключевые слова Пролог
610 Ключевые слова 0_
a Ключевые слова искусственный интеллект
610 Ключевые слова 0_
a Ключевые слова интеллектуальные системы
686 Индексы других классификаций __
a Классификационный индекс 32.973.202я73
700 Автор _1
a Фамилия Советов
b Имя Б. Я.
g Полное личное имя Борис Яковлевич
701 Альтернативная интеллектуальная ответственность _1
a Фамилия Цехановский
b Имя В. В.
g Полное личное имя Владислав Владимирович
e Роль лиц Автор
4 Код отношения 070
701 Альтернативная интеллектуальная ответственность _1
a Фамилия Чертовской
b Имя В. Д.
g Полное личное имя Владимир Дмитриевич
e Роль лиц Автор
4 Код отношения 070
801 Источник записи _0
a Страна RU
b Организация РУК
g Правила каталогизации PSBO
801 Источник записи _1
a Страна RU
b Организация РУК
c Дата составления 20150206
g Правила каталогизации PSBO
852 Данные о местонахождении __
i Авторский знак С 56
j Шифр хранения ББК 32
901 Тип документа __
t Тип документа m
937 Технологическая информация __
a Создатель записи (имя) Золотухина
938 Служебная информация __
a Название организации Головной вуз
952 Тип литературы __
b Гриф литературы для ВШ гриф УМО
c Вид литературы учебник